00747nam a22002057a 450000500170000001000150001702000230003203500140005503700090006908200140007810000240009224500610011626000680017727000860024530000190033170000100035094200310036099900190039195201310041020250416110459.0 aENG-144637 c160.00a9381511896 aEN-128169 bDBAD a302.62506 aShukla,kamal980610 aABDUL:bThe Autobiiography of a Terrorist/cKamal Shukla aNew DelhibAn imprint of Readworthy Publications (P) Ltd.c2012 aB-65, Mansa Ram Park Near Master PalacebNew Delhie110059minfo@mindmelodies.com a304pc20cm(pb) 968035 2ddccENh302.62506mKAMe1 c210965d210965 001040708FICaJPbJPd2025-04-16eDBADg160.00l0o302.62506 KAMpEN-128169r2025-04-16 00:00:00t1v160.00w2025-04-16yEN